Μέτρα κινδύνου ασφαλιστικών οργανισμών : πτυχιακή εργασία
Με στόχο την προσέγγιση του θέματος σε όλες του τις διαστάσεις, κρίναμε σκόπιμη την παράθεση αρχικά της πρώτης ενότητας σχετικά με την έννοια του κινδύνου και τη σχέση του με το χρηματοοικονομικό και ασφαλιστικό περιβάλλον. Πιο κάτω μας εισάγει στο κυριότερο ίσως μέσο αντιμετώπισης του κινδύνου που...
Αποθηκεύτηκε σε:
| Κύριος συγγραφέας: | |
|---|---|
| Συγγραφή απο Οργανισμό/Αρχή: | |
| Μορφή: | Thesis Βιβλίο |
| Γλώσσα: | Greek |
| Δημοσίευση: |
2014.
|
| Θέματα: | |
| Διαθέσιμο Online: | http://hdl.handle.net/11610/8137 |
| Ετικέτες: |
Προσθήκη ετικέτας
Δεν υπάρχουν, Καταχωρήστε ετικέτα πρώτοι!
|
MARC
| LEADER | 00000cam a2200000 a 4500 | ||
|---|---|---|---|
| 001 | 1/107021 | ||
| 008 | 150617s2014####gr | ||| |||| ||gre|| | ||
| 040 | |a GR-MyUa |b gre |c GR-MyUa |e AACR2 | ||
| 041 | 0 | |a gre | |
| 082 | 7 | |a 658.155 |2 (23) | |
| 100 | 1 | |a Αντόν, Ιουλιάνα. | |
| 245 | 1 | 0 | |a Μέτρα κινδύνου ασφαλιστικών οργανισμών : |b πτυχιακή εργασία / |c Ιουλιάνα Αντόν ; επιβλέπων καθηγητής Πέτρος Χατζόπουλος. |
| 260 | |c 2014. | ||
| 300 | |a 103 σ. : |b σχέδια ; |c 30 εκ. | ||
| 502 | |a Πτυχιακή εργασία - Πανεπιστήμιο Αιγαίου, Σάμος, 2014. | ||
| 504 | |a Βιβλιογραφία: σ. 102-103. | ||
| 506 | |a Διάθεση πλήρους κειμένου ; |d Ενδοπανεπιστημιακή δημοσίευση. | ||
| 520 | 8 | |a Με στόχο την προσέγγιση του θέματος σε όλες του τις διαστάσεις, κρίναμε σκόπιμη την παράθεση αρχικά της πρώτης ενότητας σχετικά με την έννοια του κινδύνου και τη σχέση του με το χρηματοοικονομικό και ασφαλιστικό περιβάλλον. Πιο κάτω μας εισάγει στο κυριότερο ίσως μέσο αντιμετώπισης του κινδύνου που δεν είναι άλλο από την έννοια της ασφάλισης και το έργο της. Θα αναφέρουμε διάφορα μέτρα κινδύνου με την εφαρμογή τους, αλλά και θα καθιερώσουμε τα αξιώματα προτεινόμενα από Artzner (1999) ,τα οποία ορίζουν την έννοια των συνεπών μέτρων κινδύνου. Η εργασία μας καταλήγει με την διαπραγμάτευση πολύτιμων συμπερασμάτων που προέκυψαν από την εκπόνηση της εργασίας και την μελέτη της έννοιας διαχείρισης κινδύνου. | |
| 520 | 8 | |a A profit organization to avoid damage using some risk measures that prevent the bankruptcy of the company. | |
| 540 | |a Κλειδωμένη η δυνατότητα αντιγραφής κειμένου. | ||
| 650 | 0 | |a Financial risk management. | |
| 650 | 0 | |a Dissertations, Academic |z Greece. | |
| 700 | 1 | |a Χατζόπουλος, Πέτρος Φ. |e dgs | |
| 710 | 2 | |a Πανεπιστήμιο Αιγαίου. |b Σχολή Θετικών Επιστημών. |b Τμήμα Στατιστικής και Αναλογιστικών-Χρηματοοικονομικών Μαθηματικών. | |
| 852 | |a INST |b SAMOS |c DIATR |e 20150617 |h 658.155 ΑΝΤ |p 005300042290 |q 005300042290 |t DIE |y 23 | ||
| 852 | |a INST |b SAMOS |c DIATR |e 20150617 |h 658.155 ΑΝΤ |p 005300042291 |q 005300042291 |t DIE |y 23 | ||
| 856 | |u http://hdl.handle.net/11610/8137 | ||
| 924 | |a Αντόν |b Ιουλιάνα |y Σάμος |z 2014-10 | ||
| 970 | |a Κοσιέρης |b Χρήστος |z 17-06-2015 | ||